[Event "DEM U18 2019"]
[Site "Willingen GER"]
[Date "2019.06.12"]
[Round "6"]
[White "Martin, Julian"]
[Black "Vuckovic, Zarko"]
[Result "1-0"]
[Termination "normal"]
[Board "4"]
[WhiteTitle "IM"]
[WhiteElo "2370"]
[BlackElo "2132"]
[WhiteClock "00:55:06"]
[BlackClock "01:14:14"]
[PlyCount "29"]
[WhiteFideId "12941000"]
[BlackFideId "12952087"]
[EventCountry "GER"]
[EventRounds "9"]
[EventType "swiss"]
[EventDate "2019.06.08"]

1. e4 {[%clk 1:30:59]} 1... e6 {[%clk 1:30:55]} 2. d4 {[%clk 1:29:56]} 2... d5
{[%clk 1:31:19]} 3. Nd2 {[%clk 1:30:02]} 3... dxe4 {[%clk 1:31:44]} 4. Nxe4 {
[%clk 1:29:59]} 4... Nd7 {[%clk 1:32:09]} 5. Nf3 {[%clk 1:25:39]} 5... Ngf6 {
[%clk 1:32:03]} 6. Bd3 {[%clk 1:26:01]} 6... Be7 {[%clk 1:32:22]} 7. Qe2 {
[%clk 1:22:56]} 7... b6 {[%clk 1:26:34]} 8. Ne5 {[%clk 1:07:00]} 8... Bb7 {
[%clk 1:22:31]} 9. Nxf7 {[%clk 1:03:15]} 9... Kxf7 {[%clk 1:20:29]} 10. Ng5+ {
[%clk 1:03:34]} 10... Ke8 {[%clk 1:20:38]} 11. Nxe6 {[%clk 0:59:49]} 11... Qc8
{[%clk 1:14:49]} 12. Nxg7+ {[%clk 0:54:28]} 12... Kf7 {[%clk 1:13:42]} 13. Qe6+
{[%clk 0:54:31]} 13... Kxg7 {[%clk 1:13:56]} 14. Qxe7+ {[%clk 0:54:54]} 14...
Kg8 {[%clk 1:14:14]} 15. Bc4+ {[%clk 0:55:06]} 1-0

[Event "DEM U18 2019"]
[Site "Willingen GER"]
[Date "2019.06.12"]
[Round "6"]
[White "Browning, Alex"]
[Black "Färber, David"]
[Result "1/2-1/2"]
[Termination "normal"]
[Board "6"]
[WhiteElo "2304"]
[BlackElo "2293"]
[WhiteClock "00:10:06"]
[BlackClock "00:06:26"]
[PlyCount "137"]
[WhiteFideId "12984019"]
[BlackFideId "12971294"]
[EventCountry "GER"]
[EventRounds "9"]
[EventType "swiss"]
[EventDate "2019.06.08"]

1. e4 {[%clk 1:30:56]} 1... c6 {[%clk 1:30:30]} 2. d4 {[%clk 1:31:20]} 2... d5
{[%clk 1:30:53]} 3. Nc3 {[%clk 1:31:42]} 3... dxe4 {[%clk 1:30:17]} 4. Nxe4 {
[%clk 1:32:00]} 4... Bf5 {[%clk 1:30:34]} 5. Ng3 {[%clk 1:32:24]} 5... Bg6 {
[%clk 1:30:59]} 6. N1e2 {[%clk 1:32:41]} 6... Nf6 {[%clk 1:29:25]} 7. c3 7...
Nbd7 {[%clk 1:26:51]} 8. Nf4 {[%clk 1:32:50]} 8... e5 {[%clk 1:24:04]} 9. Nxg6
{[%clk 1:30:21]} 9... hxg6 {[%clk 1:23:00]} 10. dxe5 {[%clk 1:19:39]} 10...
Nxe5 {[%clk 1:20:52]} 11. Qe2 {[%clk 1:12:45]} 11... Qe7 {[%clk 1:17:04]} 12.
Be3 {[%clk 1:06:49]} 12... Neg4 {[%clk 0:52:02]} 13. Bd4 {[%clk 0:49:44]} 13...
Rxh2 {[%clk 0:44:08]} 14. Rxh2 14... Nxh2 {[%clk 0:43:51]} 15. Bxf6 { [%clk
0:47:10]} 15... gxf6 {[%clk 0:43:13]} 16. Qxe7+ {[%clk 0:47:31]} 16... Bxe7
{[%clk 0:43:26]} 17. Be2 {[%clk 0:47:39]} 17... f5 {[%clk 0:43:02]} 18. Nf1
{[%clk 0:44:23]} 18... Ng4 {[%clk 0:39:27]} 19. Ne3 {[%clk 0:41:42]} 19... Nf6
{[%clk 0:24:29]} 20. Rd1 {[%clk 0:40:51]} 20... Bc5 {[%clk 0:23:24]} 21. Nc4
{[%clk 0:37:32]} 21... Nd7 {[%clk 0:12:25]} 22. Bf3 {[%clk 0:34:08]} 22...
O-O-O {[%clk 0:10:44]} 23. a4 {[%clk 0:33:17]} 23... Kc7 {[%clk 0:09:27]} 24.
Rd2 {[%clk 0:32:08]} 24... Rh8 {[%clk 0:06:19]} 25. Ke2 {[%clk 0:31:58]} 25...
Re8+ {[%clk 0:06:08]} 26. Kf1 {[%clk 0:31:44]} 26... Rh8 {[%clk 0:05:53]} 27.
Ke2 {[%clk 0:32:08]} 27... Re8+ {[%clk 0:06:18]} 28. Kf1 {[%clk 0:32:34]} 28...
Bf8 {[%clk 0:06:03]} 29. Re2 {[%clk 0:32:06]} 29... Rxe2 {[%clk 0:05:57]} 30.
Kxe2 {[%clk 0:31:30]} 30... Nc5 {[%clk 0:05:50]} 31. a5 {[%clk 0:31:05]} 31...
Bg7 {[%clk 0:05:57]} 32. g3 {[%clk 0:30:13]} 32... Bf6 {[%clk 0:05:30]} 33. Kd2
{[%clk 0:28:57]} 33... Kd7 {[%clk 0:04:27]} 34. Ke3 {[%clk 0:25:49]} 34... a6 {
[%clk 0:03:18]} 35. Bd1 {[%clk 0:24:59]} 35... Bg5+ {[%clk 0:03:32]} 36. f4 {
[%clk 0:23:40]} 36... Bf6 {[%clk 0:03:34]} 37. Bc2 {[%clk 0:23:47]} 37... Bg7 {
[%clk 0:02:35]} 38. Nb6+ {[%clk 0:15:17]} 38... Kc7 {[%clk 0:02:24]} 39. Nc4 {
[%clk 0:15:15]} 39... Bf6 {[%clk 0:02:18]} 40. Kf3 {[%clk 0:15:07]} 40... Kd7 {
[%clk 0:02:20]} 41. Nb6+ {[%clk 0:14:30]} 41... Ke8 {[%clk 0:23:55]} 42. Nc4 {
[%clk 0:43:11]} 42... Be7 {[%clk 0:19:46]} 43. Ke3 {[%clk 0:39:23]} 43... Ne6 {
[%clk 0:18:51]} 44. Ne5 {[%clk 0:35:39]} 44... Bd6 {[%clk 0:18:34]} 45. Nc4 {
[%clk 0:35:52]} 45... Bc7 {[%clk 0:18:56]} 46. Kf3 {[%clk 0:34:37]} 46... Ke7 {
[%clk 0:19:18]} 47. b4 {[%clk 0:25:56]} 47... Bd6 {[%clk 0:19:03]} 48. Bd3 {
[%clk 0:24:25]} 48... Nc7 {[%clk 0:16:05]} 49. Nb6 {[%clk 0:20:51]} 49... Nb5 {
[%clk 0:11:36]} 50. Nc8+ {[%clk 0:17:08]} 50... Kd7 {[%clk 0:10:20]} 51. Nb6+ {
[%clk 0:17:28]} 51... Ke8 {[%clk 0:09:13]} 52. Na4 {[%clk 0:17:15]} 52... Nxc3
{[%clk 0:07:57]} 53. Nxc3 {[%clk 0:17:36]} 53... Bxb4 {[%clk 0:08:24]} 54. Na4
{[%clk 0:16:38]} 54... Bxa5 {[%clk 0:08:08]} 55. Nc5 {[%clk 0:16:56]} 55... Bb4
{[%clk 0:08:00]} 56. Nxa6 {[%clk 0:15:03]} 56... bxa6 {[%clk 0:06:51]} 57. Bxa6
{[%clk 0:15:28]} 57... Ke7 {[%clk 0:07:14]} 58. Bc4 {[%clk 0:14:36]} 58... Be1
{[%clk 0:07:06]} 59. Bb3 {[%clk 0:13:35]} 59... Kf6 {[%clk 0:07:28]} 60. Ba4 {
[%clk 0:13:40]} 60... c5 {[%clk 0:07:57]} 61. Bb3 {[%clk 0:13:34]} 61... Bd2 {
[%clk 0:08:15]} 62. Ke2 {[%clk 0:13:17]} 62... Bc1 {[%clk 0:08:04]} 63. Kd1 {
[%clk 0:13:22]} 63... Bb2 {[%clk 0:07:22]} 64. Ke2 {[%clk 0:13:10]} 64... g5 {
[%clk 0:07:16]} 65. Kf3 {[%clk 0:10:42]} 65... Bc3 {[%clk 0:05:59]} 66. fxg5+ {
[%clk 0:09:01]} 66... Kg6 {[%clk 0:06:17]} 67. g4 {[%clk 0:09:20]} 67... fxg4+
{[%clk 0:05:59]} 68. Kxg4 {[%clk 0:09:44]} 68... Bd2 {[%clk 0:06:26]} 69. Bc2+
{[%clk 0:10:06]} 1/2-1/2